Statistiques concernant Associez le footballeur à son pays - Clic Quiz - Partie 5

Cliquez ici pour prendre le quiz!

Statistiques générales

  • Ce quiz a été pris 473 fois
  • Le résultat moyen est 16 sur 20

Statistiques - réponses

HintRéponse% Correct
Jude BellinghamAngleterre
95%
Xherdan ShaqiriSuisse
92%
Alexis SanchezChili
91%
Sadio ManeSénégal
91%
Jeremy MathieuFrance
90%
Jerome BoatengAllemagne
88%
Samir HandanovicSlovénie
88%
Diego GodinUruguay
87%
Mostafa MohamedEgypte
86%
Arkadiuz MilikPologne
85%
Charles de KetelaereBelgique
81%
Nathan AkePays-Bas
80%
JuanfranEspagne
77%
Sergino DestEtats-Unis
76%
Vincent AboubakarCameroun
75%
Lukáš HrádeckýFinlande
74%
Kevin PrinceGhana
64%
Ghislain KonanCôte d'ivoire
54%
Julio TavaresCap-Vert
46%
Maxwell ScherrerBrésil
43%

Distribution des résultats

Percentile par nombre de réponses

% des personnes avec chaque résultat

Votre développement - résultats

Vous n’avez pas pris ce quiz